Catálogo
 En Linea

Comentarios internacionales y nacionales de "La voz dominicana" / (Registro nro. 31870)

Detalles MARC
000 -CABECERA
campo de control de longitud fija 00784nam a2200241 a 4500
001 - NÚMERO DE CONTROL
campo de control 000032379
003 - IDENTIFICADOR DEL NÚMERO DE CONTROL
campo de control OSt
005 - FECHA Y HORA DE LA ÚLTIMA TRANSACCIÓN
campo de control 20250621074008.0
008 - DATOS DE LONGITUD FIJA--INFORMACIÓN GENERAL
campo de control de longitud fija 110715s1800 dr r 000 0 spa d
040 ## - FUENTE DE LA CATALOGACIÓN
Centro catalogador/agencia de origen DO-SdBNP
Lengua de catalogación spa
Centro/agencia transcriptor BNPHU
082 #4 - NÚMERO DE LA CLASIFICACIÓN DECIMAL DEWEY
Número de clasificación 320.97293
Número de documento/Ítem M516c
100 1# - ENTRADA PRINCIPAL--NOMBRE DE PERSONA
Nombre de persona Mejía, Arturo E.
9 (RLIN) 9656
245 10 - MENCIÓN DE TÍTULO
Título Comentarios internacionales y nacionales de "La voz dominicana" /
Mención de responsabilidad, etc. Arturo E. Mejia.
260 ## - PUBLICACIÓN, DISTRIBUCIÓN, ETC.
Lugar de publicación, distribución, etc. Ciudad Trujillo, República Dominicana :
Nombre del editor, distribuidor, etc. Caribe,
Fecha de publicación, distribución, etc. [1950?].
300 ## - DESCRIPCIÓN FÍSICA
Extensión v. ;
Dimensiones 22 cm.
500 ## - NOTA GENERAL
Nota general La Biblioteca posee el tomo 1
590 ## - NOTA LOCAL (RLIN)
Nota local Inventariado, 2018/BT
650 #4 - PUNTO DE ACCESO ADICIONAL DE MATERIA--TÉRMINO DE MATERIA
Término de materia o nombre geográfico como elemento de entrada Comunismo
9 (RLIN) 2880
650 #4 - PUNTO DE ACCESO ADICIONAL DE MATERIA--TÉRMINO DE MATERIA
Término de materia o nombre geográfico como elemento de entrada Radiojornalismo
9 (RLIN) 77397
651 #0 - PUNTO DE ACCESO ADICIONAL DE MATERIA--NOMBRE GEOGRÁFICO
Nombre geográfico República Dominicana
Subdivisión general Política y gobierno
9 (RLIN) 45
910 ## - DATOS DE OPCIÓN DEL USUARIO (OCLC)
Datos de opción del usuario Validado. Control de calidad MFF
942 ## - ELEMENTOS DE PUNTO DE ACCESO ADICIONAL (KOHA)
Fuente del sistema de clasificación o colocación Dewey Decimal Classification
Tipo de ítem Koha Libro
Existencias
Estado de retiro Estado de pérdida Restricciones de uso No para préstamo Código de colección Localización permanente Ubicación/localización actual Ubicación en estantería Fecha de adquisición Número de inventario Total de préstamos Signatura topográfica completa Código de barras Fecha visto por última vez Precio válido a partir de Tipo de ítem Koha Nota pública Fuente del sistema de clasificación o colocación Número de copia
        Raros y valiosos General General Depósito 26.06.2013 LF1   v. 1, e. 3 32379-30 25.06.2020 25.06.2020 Préstamo en sala      
      Excluido de préstamo Raros y valiosos Patrimonio Dominicano Patrimonio Dominicano Depósito 15.07.2011 LF1   v. 1 32379-10 25.06.2020 25.06.2020 No se presta Perteneció a la biblioteca personal de Martínez Boog.    
    Excluido de préstamo Préstamo restrigido Raros y valiosos Patrimonio Dominicano Patrimonio Dominicano Depósito 15.07.2011 LF1   320.97293 M516c 32379-20 25.06.2020 25.06.2020 No se presta   Dewey Decimal Classification v.1, e.2

Con tecnología Koha